Normal view
MARC view
Entry Personal Name
001 - CONTROL NUMBER
- control field: 24192
003 - CONTROL NUMBER IDENTIFIER
- control field: dpl
005 - DATE AND TIME OF LATEST TRANSACTION
- control field: 20101109111823.0
008 - FIXED-LENGTH DATA ELEMENTS
- fixed length control field: 101109|||a|||||| | ||| d
040 ## - CATALOGING SOURCE
- Original cataloging agency: dpl
- Transcribing agency: dpl
100 ## - HEADING--PERSONAL NAME
- Personal name: Bucki,Lisa.
670 ## - SOURCE DATA FOUND
- Source citation: Work cat.: (dpl)35691: Wempen, Faithe 24191, Windows vista /, 2008
670 ## - SOURCE DATA FOUND
- Source citation: Work cat.: (dpl)35691: Wempen, Faithe 24191, Windows vista /, 2008
